| 000 | 00491cam a22001457a 4500 | ||
|---|---|---|---|
| 008 | 180718b1998 xxu||||| |||| 00| 0 eng d | ||
| 020 | _a0195794389 | ||
| 082 | _aA99 Ik7 | ||
| 100 | _aIkramullah, Shaista Suhrawardy | ||
| 245 |
_aFrom purdah to parliament _cby Shaista Suhrawardy Ikramullah |
||
| 260 |
_aOxford _bOxford Univ. Press _c1998 |
||
| 300 | _a225p. | ||
| 650 | _aIkramullah, Shaista Suhrawady - Criticism and interpretion | ||
| 650 | _aIkramullah, Shaista Suhrawady - Autobiography | ||
| 999 |
_c395309 _d395309 |
||